[Event "Moscow Open F Women"]
[Site "Moscow RUS"]
[Date "2011.02.02"]
[Round "5.30"]
[White "Khropova, Larisa"]
[Black "Medvedeva, Anna"]
[Result "1-0"]
[WhiteTitle "WFM"]
[WhiteElo "2087"]
[BlackElo "1921"]
[WhiteFideId "4120841"]
[BlackFideId "24102776"]
[EventDate "2011.01.29"]

1. d4 d5 2. c4 c6 3. Nc3 Nf6 4. Nf3 a6 5. e3 Bg4 6. Qb3 Bc8 7. Ne5 e6 8. c5 Be7
9. Bd3 O-O 10. O-O Qc7 11. f4 Nbd7 12. Bd2 b6 13. cxb6 Nxb6 14. Rac1 Bd7 15. Qc2
c5 16. dxc5 Qxc5 17. Qb1 Qd6 18. Ne2 Rfb8 19. Ba5 Bd8 20. a3 Qf8 21. Nd4 Na4 22.
Bb4 Qe8 23. b3 a5 24. Bd6 Rb7 25. g4 g6 26. Qa2 Nb6 27. g5 Nh5 28. Ng4 Be7 29.
Nh6+ Kg7 30. Bxe7 Qxe7 31. Qa1 f6 32. Be2 Rf8 33. Kh1 Nc8 34. Rg1 Kh8 35. Bxh5
gxh5 36. gxf6 Qxf6 37. Ndf5 Ne7 38. Nxe7 Qxa1 39. Nf7+ 1-0

[Event "Moscow Open F Women"]
[Site "Moscow RUS"]
[Date "2011.02.02"]
[Round "5.31"]
[White "Kisteneva, Liza"]
[Black "Korchagina, Viktoria"]
[Result "1/2-1/2"]
[WhiteTitle "WFM"]
[BlackTitle "WFM"]
[WhiteElo "1911"]
[BlackElo "2086"]
[WhiteFideId "24124877"]
[BlackFideId "4197224"]
[EventDate "2011.01.29"]

1. e4 c5 2. Nf3 d6 3. d4 cxd4 4. Nxd4 Nf6 5. Nc3 a6 6. f4 e5 7. Nf3 Nbd7 8. Bd3
Be7 9. h3 b5 10. Be3 Bb7 11. a3 O-O 12. O-O Rc8 13. Qe2 Re8 14. Rad1 exf4 15.
Bxf4 d5 16. e5 Bd6 17. Rfe1 d4 18. Ne4 Bxe5 19. Nxe5 Nxe5 20. Bxe5 Rxe5 21.
Nxf6+ gxf6 22. Qf2 Rg5 23. Be4 Bxe4 24. Rxe4 Rg6 25. Rexd4 Qc7 26. R1d2 Re8 27.
Rd6 Re6 28. Rd7 Qe5 29. c3 f5 30. R7d5 Qe4 31. Qxf5 Qe3+ 32. Rf2 Ref6 33. Qc8+
Kg7 34. Rf5 Qxh3 35. Qc5 Rxf5 36. Qxf5 Qxf5 37. Rxf5 Rd6 38. g3 Kg6 39. Rf4 Rd3
40. Kg2 f5 41. Rf3 Rd5 42. Rf4 Kg5 43. Kf1 Rd1+ 44. Kg2 h5 45. Rd4 Re1 46. Kf2
Rb1 47. Rd2 h4 48. gxh4+ Kxh4 49. Kf3 Rf1+ 50. Kg2 Rb1 1/2-1/2

[Event "Moscow Open F Women"]
[Site "Moscow RUS"]
[Date "2011.02.02"]
[Round "5.32"]
[White "Bauyrzhan, Arnash"]
[Black "Kostrikina, Anna"]
[Result "0-1"]
[BlackTitle "WFM"]
[WhiteElo "1900"]
[BlackElo "2079"]
[WhiteFideId "13706322"]
[BlackFideId "4176219"]
[EventDate "2011.01.29"]

1. e4 c5 2. Nf3 e6 3. d4 cxd4 4. Nxd4 Nf6 5. Nc3 d6 6. g4 h6 7. Be3 a6 8. f4 Nc6
9. h3 Qc7 10. Qe2 Be7 11. Bg2 Rb8 12. O-O Nd7 13. Rad1 O-O 14. Nb3 b5 15. e5
dxe5 16. f5 Nf6 17. Nc5 Nd4 18. Bxd4 exd4 19. Nxa6 Bxa6 20. Ne4 Nxe4 21. Bxe4 d3
22. cxd3 exf5 23. Rxf5 b4 24. Qf2 g6 25. Kh1 Bb7 26. Rf3 Bc5 27. Qh4 Rbd8 28.
Rdf1 Bxe4 29. dxe4 Rd2 30. Qg3 Bd6 31. Qh4 Rh2+ 32. Kg1 Bc5+ 0-1

[Event "Moscow Open F Women"]
[Site "Moscow RUS"]
[Date "2011.02.02"]
[Round "5.33"]
[White "Ainutdinova, Yekaterina"]
[Black "Maidanova, Irina"]
[Result "1-0"]
[WhiteElo "2073"]
[BlackElo "1871"]
[WhiteFideId "13705563"]
[BlackFideId "24126624"]
[EventDate "2011.01.29"]

1. e4 c5 2. Nf3 d6 3. d4 cxd4 4. Nxd4 Nf6 5. Nc3 a6 6. Be3 e5 7. Nb3 Be6 8. Qd2
Be7 9. f3 O-O 10. O-O-O b5 11. g4 Nbd7 12. g5 Nh5 13. Nd5 Bxd5 14. exd5 Rc8 15.
Na5 Nb8 16. Bh3 Rc7 17. Bg4 Nf4 18. h4 Re8 19. Bb6 Rxc2+ 20. Qxc2 Qxb6 21. Nc6
Nxd5 22. Rxd5 Nxc6 23. Rdd1 Nb4 24. Qd2 Nxa2+ 25. Kb1 b4 26. Kxa2 b3+ 27. Kb1
Qb5 28. Bd7 Qxd7 29. Qb4 a5 30. Qxb3 a4 31. Qd3 Rb8 32. Ka2 Qe6+ 33. Qd5 Rb3 34.
Qxe6 fxe6 35. Rhf1 Rb4 36. h5 Rh4 37. Rh1 Rxh1 38. Rxh1 Bxg5 39. Ka3 Kf7 40.
Kxa4 Ke7 41. b4 Kd7 42. Kb5 Bd2 43. Rg1 g6 44. hxg6 hxg6 45. Rxg6 d5 46. Rg2 Bc3
47. Rc2 Be1 48. Ka4 d4 49. Re2 Bg3 50. Kb5 Bf4 51. Kc4 Kd6 52. Ra2 Be3 53. Ra6+
Kd7 54. b5 Bf2 55. Rc6 Be3 56. Kd3 Bf2 57. Rc4 Bh4 58. Ke4 Bf6 59. Rc5 Kd6 60.
b6 Bd8 61. b7 Bc7 62. Rxe5 d3 63. Rb5 d2 64. Rb1 Kc6 65. Rd1 Kxb7 66. Rxd2 Kc6
67. Ke3 Bd6 68. Kf2 Kd7 69. Kg2 Ke7 70. Kh3 Bf4 71. Ra2 Kf6 72. Kg4 Bd6 73. Ra6
Be7 74. Ra1 Bd6 75. Rh1 Kg7 76. Kg5 Be7+ 77. Kf4 Bd6+ 78. Ke4 Be7 79. Rb1 Kf6
80. Rb5 Bd6 81. f4 Kf7 82. Rb6 Be7 83. Ke5 Bf6+ 84. Kd6 Bd4 85. Rb4 Bf2 86. Ke5
Bh4 87. Rb7+ Be7 88. Ra7 Kf8 89. Kxe6 Bc5 90. Ra8+ Kg7 91. f5 Bd4 92. Rd8 Bc3
93. Rd7+ Kh6 94. f6 Kg6 95. Rg7+ Kh6 96. Rg2 Kh7 97. f7 1-0

[Event "Moscow Open F Women"]
[Site "Moscow RUS"]
[Date "2011.02.02"]
[Round "5.34"]
[White "Paramzina, Anastasya"]
[Black "Frolova, Ekaterina"]
[Result "0-1"]
[WhiteElo "1860"]
[BlackElo "2067"]
[WhiteFideId "4165012"]
[BlackFideId "4159420"]
[EventDate "2011.01.29"]

1. e4 c5 2. Nf3 d6 3. d4 cxd4 4. Nxd4 Nf6 5. Nc3 a6 6. Be3 e6 7. g4 d5 8. e5
Nfd7 9. f4 g5 10. Bg2 Nc6 11. Nf3 gxf4 12. Bxf4 Qb6 13. Rb1 Bg7 14. Qe2 Qb4 15.
Bd2 Qxg4 16. O-O Nd4 17. Nxd4 Qxd4+ 18. Kh1 Qxe5 19. Qg4 O-O 20. Bf4 f5 21. Qg3
Qf6 22. Rbe1 Kh8 23. Bd6 Rg8 24. Nxd5 exd5 25. Bxd5 Nf8 26. Be5 Qg6 27. Rg1 Qxg3
28. hxg3 Bxe5 29. Bxg8 Bd4 30. Re8 Kxg8 31. Rd1 Bf6 32. Rd6 Kf7 33. Rxf6+ Kxe8 0-1

[Event "Moscow Open F Women"]
[Site "Moscow RUS"]
[Date "2011.02.02"]
[Round "5.35"]
[White "Maslova, Elena"]
[Black "Saikhanzaya, Ganbaatar"]
[Result "1-0"]
[WhiteElo "2065"]
[BlackElo "1704"]
[WhiteFideId "24102385"]
[BlackFideId "4900030"]
[EventDate "2011.01.29"]

1. e4 e6 2. d4 d5 3. exd5 exd5 4. Nc3 Bb4 5. Bd3 Nc6 6. Ne2 Bg4 7. Be3 Bxc3+ 8.
bxc3 Nge7 9. O-O Qd7 10. c4 Nb4 11. cxd5 Nexd5 12. c4 Nxd3 13. Qxd3 Ne7 14. Ng3
Rd8 15. d5 b6 16. Qa3 h5 17. h3 h4 18. Ne4 Bxh3 19. gxh3 Qxh3 20. Qa4+ Kf8 21.
Qd1 Qf5 22. f3 h3 23. Kf2 Rh4 24. Ke2 b5 25. Bg5 Rxe4+ 26. fxe4 Qxg5 27. Qd3 Qe5
28. Rad1 Rd6 29. Qd4 Qh5+ 30. Kd2 Ra6 31. Ra1 Qh6+ 32. Qe3 Qxe3+ 33. Kxe3 Ra3+
34. Kd4 bxc4 35. Kxc4 g5 36. Rf2 Kg7 37. Raf1 f5 38. exf5 Kf6 39. Re1 Ra6 40.
Kd4 Ra4+ 41. Kd3 Ra6 42. Re6+ Rxe6 43. dxe6 g4 44. Rh2 Kxf5 45. Ke2 Kf4 46. Kf1
Kg3 47. Kg1 Kf4 48. Rf2+ Kg5 49. Rf7 Nd5 50. e7 Nxe7 51. Rxe7 c5 52. Rc7 Kf4 53.
Rxc5 g3 54. Ra5 Kf3 55. Ra3+ Kg4 56. Rxa7 Kf3 57. Rf7+ Ke3 58. a4 1-0

[Event "Moscow Open F Women"]
[Site "Moscow RUS"]
[Date "2011.02.02"]
[Round "5.36"]
[White "Vasenina, Anna"]
[Black "Matsenko, Elena"]
[Result "1-0"]
[WhiteTitle "WFM"]
[BlackTitle "WFM"]
[WhiteElo "1857"]
[BlackElo "2039"]
[WhiteFideId "4177207"]
[BlackFideId "4172892"]
[EventDate "2011.01.29"]

1. e4 c5 2. Nf3 Nc6 3. d4 cxd4 4. Nxd4 Qc7 5. Nb5 Qb8 6. Bd3 e6 7. Be3 a6 8.
N5c3 Nf6 9. O-O Be7 10. Na4 Qe5 11. Nb6 Qxb2 12. Nd2 Rb8 13. Ndc4 Qc3 14. Rb1
Nxe4 15. Bxe4 d5 16. Rb3 Qf6 17. Bf3 dxc4 18. Bxc6+ bxc6 19. Nd7 Bxd7 20. Rxb8+
Bd8 21. Bb6 Ke7 22. Rb7 1-0

[Event "Moscow Open F Women"]
[Site "Moscow RUS"]
[Date "2011.02.02"]
[Round "5.40"]
[White "Mestnikova, Tuyara"]
[Black "Trotsenko, Evgenia"]
[Result "1-0"]
[BlackTitle "WFM"]
[WhiteElo "1852"]
[BlackElo "2001"]
[WhiteFideId "4127358"]
[BlackFideId "4149289"]
[EventDate "2011.01.29"]

1. d4 d5 2. c4 c6 3. Nc3 Nf6 4. Nf3 e6 5. Bg5 Be7 6. e3 Nbd7 7. cxd5 exd5 8. Bd3
O-O 9. O-O Re8 10. Qc2 Nf8 11. a3 Bg4 12. Ne5 Bh5 13. b4 N6d7 14. Bxe7 Rxe7 15.
Nxd7 Rxd7 16. Ne2 Bg6 17. Nf4 Bxd3 18. Nxd3 a6 19. a4 Rc7 20. Qb3 Rcc8 21. Rab1
Ne6 22. Rfc1 Nc7 23. Nc5 Rcb8 24. h3 g6 25. Qc2 Qe7 26. Nd3 Qd8 27. Ne5 Kg7 28.
Qe2 Qe8 29. Qf3 Rc8 30. h4 h5 31. g4 f6 32. Nd3 hxg4 33. Qxg4 Qe7 34. Nf4 g5 35.
hxg5 fxg5 36. Nh5+ Kh7 37. Ng3 Qf6 38. Qh5+ Kg7 39. Kg2 Rh8 40. Qg4 Kg6 41. Rh1
Raf8 42. f4 Ne8 43. Rh5 Rxh5 44. Qxh5+ Kg7 45. Qg4 Kg6 46. b5 cxb5 47. axb5 a5
48. Ra1 Nd6 49. Rh1 Rh8 50. Rxh8 Qxh8 51. Qxg5+ Kf7 52. Qxd5+ Ke7 53. e4 Qc8 54.
Qe5+ Kd7 55. Qg7+ Kd8 56. e5 Ne8 57. Qh7 Qe6 58. Qxb7 Qa2+ 59. Kh3 Qe6+ 60. f5
Qh6+ 61. Kg4 Qd2 62. Qa8+ Ke7 63. f6+ 1-0

[Event "Moscow Open F Women"]
[Site "Moscow RUS"]
[Date "2011.02.02"]
[Round "5.41"]
[White "Chadaeva, Tatiana"]
[Black "Styazhkina, Anna"]
[Result "0-1"]
[BlackTitle "WFM"]
[WhiteElo "1835"]
[BlackElo "1999"]
[WhiteFideId "24152757"]
[BlackFideId "24119300"]
[EventDate "2011.01.29"]

1. e4 c5 2. Nc3 Nc6 3. g3 g6 4. Bg2 Bg7 5. d3 d6 6. Nge2 e5 7. Be3 Nge7 8. Qd2
Nd4 9. O-O-O Qa5 10. Kb1 Be6 11. Nc1 b5 12. h4 h5 13. Rdf1 Rc8 14. Qd1 c4 15.
Bh3 f5 16. f4 b4 17. Bxd4 exd4 18. N3e2 c3 19. Qe1 cxb2 20. Kxb2 O-O 21. Ng1
Qa3+ 22. Kb1 Bf7 23. Nf3 Rc6 24. exf5 Nd5 25. Nd2 Nc3+ 26. Ka1 Bxa2 0-1

[Event "Moscow Open F Women"]
[Site "Moscow RUS"]
[Date "2011.02.02"]
[Round "5.46"]
[White "Kalashnikova, Larisa"]
[Black "Sigua, Irina"]
[Result "1-0"]
[WhiteTitle "WFM"]
[WhiteElo "1971"]
[BlackElo "1731"]
[WhiteFideId "4110986"]
[BlackFideId "24158976"]
[EventDate "2011.01.29"]

1. d4 Nf6 2. Nf3 g6 3. Bf4 Bg7 4. e3 O-O 5. h3 d6 6. Bd3 Nbd7 7. Nbd2 Re8 8. O-O
e5 9. Bg5 h6 10. Bxf6 Nxf6 11. dxe5 dxe5 12. e4 c6 13. Nc4 Qc7 14. c3 b5 15. Ne3
Bb7 16. Qc2 Rad8 17. c4 Qb6 18. c5 Qc7 19. b4 Nh5 20. Rad1 Nf4 21. Be2 Ne6 22.
a3 Bc8 23. Rxd8 Rxd8 24. Rd1 Nd4 25. Qb2 Be6 26. Ne1 Rd7 27. Bg4 f5 28. exf5
gxf5 29. Bh5 e4 30. Qb1 Qd8 31. N1c2 f4 32. Nxd4 Rxd4 33. Rxd4 Qxd4 34. Nc2 Qe5
35. Qd1 Qg5 36. Bg4 Bd5 37. Nd4 Be5 38. Be6+ Bxe6 39. Nxe6 Qe7 40. Qg4+ Kf7 41.
Nxf4 Qf6 42. Qd7+ Qe7 43. Qxe7+ Kxe7 44. Ng6+ Ke6 45. Nxe5 Kxe5 46. Kf1 Kd4 47.
g4 e3 48. f4 Ke4 49. f5 Ke5 50. Ke2 Kf6 51. Kxe3 1-0

[Event "Moscow Open F Women"]
[Site "Moscow RUS"]
[Date "2011.02.02"]
[Round "5.47"]
[White "Lisachenko, Natalia"]
[Black "Morozova, Ulia"]
[Result "0-1"]
[WhiteElo "1903"]
[BlackElo "1724"]
[WhiteFideId "4174151"]
[BlackFideId "24159310"]
[EventDate "2011.01.29"]

1. d4 Nf6 2. c4 g6 3. Nc3 d5 4. Bf4 Bg7 5. e3 O-O 6. cxd5 Nxd5 7. Nxd5 Qxd5 8.
Bxc7 Nc6 9. Nf3 Bf5 10. a3 Rac8 11. Bg3 Rfd8 12. Qa4 Na5 13. Qb5 Qxb5 14. Bxb5
Nb3 15. Rd1 Bc2 16. Be2 Bxd1 17. Bxd1 Na5 18. Nd2 Nc4 19. Nxc4 Rxc4 20. Bb3 Rc1+
21. Bd1 Rb1 22. b3 Ra1 23. Kd2 Rxa3 24. Kc3 Ra6 25. Bc2 Rc6+ 26. Kb2 f5 27. Bd3
a6 28. Rd1 Bf6 29. Be2 Rcc8 30. Bf3 Rd7 31. Be2 Kf7 32. Kb1 e6 33. f3 g5 34. Be1
b5 35. Bg3 h5 36. f4 h4 37. Bf2 Rdc7 38. Bd3 gxf4 39. exf4 Rd7 40. Be2 Rcd8 41.
Kc2 h3 42. gxh3 Bxd4 43. Bh5+ Ke7 44. Bh4+ Bf6 45. Bf2 Rc8+ 46. Kb1 Rxd1+ 47.
Bxd1 Rh8 48. Bf3 Rxh3 49. Bg3 Rh8 50. Bb7 a5 51. Bc6 b4 52. Bb5 Bh4 53. Kc2 Bxg3
54. hxg3 Rh3 55. Bc4 Rxg3 56. Be2 Rc3+ 57. Kb2 Re3 58. Bd1 0-1

[Event "Moscow Open F Women"]
[Site "Moscow RUS"]
[Date "2011.02.02"]
[Round "5.48"]
[White "Budueva, Kristina"]
[Black "Burmistrova, Alena"]
[Result "1-0"]
[WhiteElo "1889"]
[BlackElo "1720"]
[WhiteFideId "24152749"]
[BlackFideId "24160415"]
[EventDate "2011.01.29"]

1. e4 e5 2. Nf3 Nc6 3. Bb5 a6 4. Ba4 Nf6 5. d3 b5 6. Bb3 Be7 7. c3 d6 8. Nbd2
Na5 9. Bc2 c5 10. Nf1 Nc6 11. Ng3 h6 12. O-O O-O 13. Re1 Qc7 14. a4 Be6 15. Qe2
b4 16. h3 Na5 17. c4 b3 18. Bd1 Rab8 19. Bd2 Rb7 20. Bc3 Rfb8 21. Nd2 Bd8 22.
Ra3 Qd7 23. Qf1 Qe8 24. Be2 Nc6 25. a5 Nb4 26. Bd1 Nc6 27. Bxb3 Nd4 28. Bd1 Nh7
29. b3 Bg5 30. Nf3 Nxb3 31. Nxg5 Nxg5 32. f4 exf4 33. Nh5 Nd4 34. Nxf4 Nc6 35.
h4 Nh7 36. Qf2 Qd7 37. Ba4 Qc7 38. Bxc6 Qxc6 39. Qg3 g5 40. Nh5 Rb3 41. Rxb3
Rxb3 42. Nf6+ Kg7 43. Ba1 Bxc4 44. Nxh7+ Kxh7 45. hxg5 Rxd3 46. Qf4 Qc8 47. Qf6
Qg8 48. Qxh6# 1-0

[Event "Moscow Open F Women"]
[Site "Moscow RUS"]
[Date "2011.02.02"]
[Round "5.49"]
[White "Semenova, Anastasia"]
[Black "Vanchikova, Dulma"]
[Result "1-0"]
[WhiteElo "1870"]
[BlackElo "1719"]
[WhiteFideId "4109511"]
[BlackFideId "4170792"]
[EventDate "2011.01.29"]

1. e4 e5 2. Nf3 Nc6 3. Bc4 Bc5 4. c3 Qf6 5. b4 Bb6 6. a4 a6 7. d3 h6 8. Bb2 Nge7
9. Qd2 d6 10. d4 Bg4 11. dxe5 dxe5 12. Qe2 Ng6 13. Nbd2 Nf4 14. Qf1 Ne6 15. a5
Ba7 16. Bd5 Ncd8 17. c4 c6 18. Bxe5 Qe7 19. Bxe6 Nxe6 20. c5 f6 21. Bd6 Qf7 22.
Nc4 Bxf3 23. gxf3 Nd4 24. O-O-O Nxf3 25. Qd3 Qh5 26. Bf4 O-O 27. Nd6 Rad8 28.
Qb3+ Kh7 29. Nxb7 Rxd1+ 30. Rxd1 Bb8 31. Bg3 Qg5+ 32. Kc2 Qg4 33. Qd3 Bxg3 34.
hxg3 Ne5 35. Qd4 Rf7 36. Nd6 Rd7 37. f4 Nf3 38. Qf2 h5 39. Rd3 Ne5 40. fxe5 fxe5
41. Qf5+ Qxf5 42. Nxf5 Rf7 43. g4 g6 44. Ne3 Rf4 45. b5 axb5 46. Rd7+ Kh6 47. a6
Rxe4 48. a7 Ra4 49. gxh5 Kxh5 50. Nd1 g5 51. Nc3 Ra6 52. Ne4 Kh4 53. Nd6 g4 54.
Nc8 Kh3 55. Rh7+ Kg2 56. Rb7 g3 57. Rb6 Ra4 58. Rb8 Kh1 59. a8=Q Rxa8 60. Rxa8
g2 61. Ra1+ g1=Q 62. Rxg1+ Kxg1 63. Ne7 e4 64. Nxc6 e3 65. Nd4 Kf2 66. c6 e2 67.
Nxe2 Kxe2 68. c7 Ke3 69. c8=Q 1-0

[Event "Moscow Open F Women"]
[Site "Moscow RUS"]
[Date "2011.02.02"]
[Round "5.50"]
[White "Arnatskaya, Zoya"]
[Black "Mokshanova, Elizaveta"]
[Result "0-1"]
[WhiteElo "1867"]
[BlackElo "1711"]
[WhiteFideId "24137081"]
[BlackFideId "24160679"]
[EventDate "2011.01.29"]

1. e4 c5 2. d3 Nc6 3. g3 g6 4. Bg2 Bg7 5. f4 d6 6. Nf3 Nf6 7. c3 O-O 8. O-O Rb8
9. Nh4 Qc7 10. a4 a6 11. f5 b5 12. axb5 axb5 13. Nd2 b4 14. Nc4 bxc3 15. bxc3
Nd7 16. Bd2 Nde5 17. Nxe5 Nxe5 18. Qe2 Bd7 19. fxg6 hxg6 20. Nf3 Bg4 21. Qe3
Nxf3+ 22. Bxf3 Bxf3 23. Rxf3 Rb3 24. Rc1 Qa5 25. Qe1 Rb2 26. Bg5 c4 27. Bf4 Qh5
28. Rf2 Rxf2 29. Qxf2 cxd3 30. Qd2 Qc5+ 31. Qe3 d2 32. Rd1 Bxc3 33. Qxc5 dxc5
34. Kf2 Rd8 35. Ke2 Kg7 36. Bxd2 Bxd2 37. Rxd2 Rxd2+ 38. Kxd2 Kf6 39. h4 Ke5 40.
Kd3 c4+ 41. Ke3 c3 42. g4 c2 43. Kd2 Kxe4 0-1

[Event "Moscow Open F Women"]
[Site "Moscow RUS"]
[Date "2011.02.02"]
[Round "5.51"]
[White "Butneva, Larisa"]
[Black "Terentieva, Alena"]
[Result "1/2-1/2"]
[WhiteElo "1867"]
[BlackElo "1700"]
[WhiteFideId "24106011"]
[BlackFideId "24141291"]
[EventDate "2011.01.29"]

1. e4 e5 2. Nf3 Nc6 3. Bc4 Bc5 4. c3 Qe7 5. O-O Nf6 6. d4 Bb6 7. d5 Nd8 8. Nbd2
d6 9. h3 O-O 10. Re1 Ne8 11. Bd3 g6 12. Nc4 Ng7 13. a4 c6 14. Nxb6 axb6 15. Bg5
f6 16. Be3 c5 17. Qb3 Qc7 18. Nd2 f5 19. exf5 gxf5 20. f4 e4 21. Be2 Kh8 22. Nc4
Ra6 23. Na3 Ra8 24. Nb5 Qe7 25. c4 Rf6 26. Qc3 Kg8 27. Bf2 Rg6 28. b3 Nf7 29.
Rac1 Bd7 30. Bf1 Bxb5 31. axb5 Nh5 32. Ra1 Re8 33. Qe3 Nd8 34. Be2 Nf6 35. Bh4
Rf8 36. Kh1 Qg7 37. Rg1 Kh8 38. g3 Rg8 39. Kh2 Nd7 40. Bh5 Rh6 41. Qe2 Nf6 42.
Bxf6 Rxf6 43. g4 fxg4 44. Rxg4 Qh6 45. Rxg8+ Kxg8 46. Qg4+ Kh8 47. Qg5 Qxg5 48.
fxg5 Rf8 49. Re1 Rf5 50. h4 Re5 51. Re3 h6 52. Bg6 hxg5 53. h5 Kg7 54. Kg3 Nf7
55. Rxe4 Rxe4 56. Bxe4 Kh6 57. Bg6 Ne5 58. Be8 Nd3 59. Bg6 Nc1 60. Kg4 1/2-1/2

[Event "Moscow Open F Women"]
[Site "Moscow RUS"]
[Date "2011.02.02"]
[Round "5.52"]
[White "Artemenko, Rimma"]
[Black "Ivanova, Karina"]
[Result "0-1"]
[WhiteElo "1566"]
[BlackElo "1865"]
[WhiteFideId "4194799"]
[BlackFideId "24139750"]
[EventDate "2011.01.29"]

1. d4 Nf6 2. Nf3 e6 3. Bf4 Be7 4. e3 O-O 5. Bd3 d5 6. h3 c5 7. c3 Nc6 8. Nbd2 b6
9. Ne5 Bb7 10. Ndf3 Rc8 11. Rc1 c4 12. Bb1 b5 13. Nxc6 Bxc6 14. Ne5 Qb6 15. Nxc6
Rxc6 16. a3 a5 17. O-O b4 18. axb4 axb4 19. Bg5 bxc3 20. bxc3 Ba3 21. Rc2 Ne4
22. Qg4 f5 23. Qf4 h6 24. Bxh6 gxh6 25. Qxh6 e5 26. Qg6+ Rxg6 0-1

[Event "Moscow Open F Women"]
[Site "Moscow RUS"]
[Date "2011.02.02"]
[Round "5.53"]
[White "Zasypkina, Evgenia"]
[Black "Turygina, Irina"]
[Result "0-1"]
[WhiteElo "1855"]
[BlackElo "1650"]
[WhiteFideId "24102784"]
[BlackFideId "24110973"]
[EventDate "2011.01.29"]

1. e4 c5 2. c3 e6 3. d4 d5 4. exd5 exd5 5. Bb5+ Nc6 6. Nf3 a6 7. Bxc6+ bxc6 8.
O-O Bd6 9. dxc5 Bxc5 10. Nbd2 Ne7 11. Nb3 Bb6 12. Re1 O-O 13. Be3 Bxe3 14. Rxe3
Nf5 15. Re1 Nd6 16. Qd4 Bf5 17. Ne5 Qc7 18. Qc5 Rac8 19. Qd4 Rfe8 20. Nd3 Nb5
21. Qh4 Bxd3 22. Nc5 Bg6 23. a4 Nd6 24. Nxa6 Qa5 25. Nb4 Qxa4 26. g3 Rxe1+ 27.
Rxe1 Re8 28. Rc1 Nc4 29. Qg4 Ne5 30. Qf4 Be4 31. Re1 Kf8 0-1

[Event "Moscow Open F Women"]
[Site "Moscow RUS"]
[Date "2011.02.02"]
[Round "5.54"]
[White "Stanetskaya, Galina"]
[Black "Frantsuzova, Lyudmila"]
[Result "0-1"]
[WhiteElo "1531"]
[BlackElo "1839"]
[WhiteFideId "24156957"]
[BlackFideId "4171918"]
[EventDate "2011.01.29"]

1. d4 d5 2. c4 c6 3. c5 Bf5 4. e3 Nd7 5. Nf3 Ngf6 6. Nc3 b6 7. b4 a5 8. bxa5
bxc5 9. Bd3 Bxd3 10. Qxd3 Rxa5 11. Bd2 c4 12. Qb1 Ra3 13. O-O e6 14. Qb7 Qa8 15.
Qxa8+ Rxa8 16. a4 Bb4 17. Rfb1 Ba5 18. h3 Ke7 19. Rc1 Rhb8 20. Ne5 Nxe5 21. dxe5
Nd7 22. f4 Nc5 23. Be1 Nb3 24. Rd1 Nxa1 25. Rxa1 Rb3 26. Rc1 Bxc3 27. Bxc3 Rxa4
28. Kh2 c5 29. Kg3 Raa3 30. Bd2 Ra2 31. Rd1 c3 32. Bc1 Rb1 33. Kf3 Raa1 34. Ke2
Rxc1 35. Rxc1 Rxc1 36. g4 c4 37. f5 Rh1 0-1

[Event "Moscow Open F Women"]
[Site "Moscow RUS"]
[Date "2011.02.02"]
[Round "5.55"]
[White "Aseeva, Anastasia"]
[Black "Vasiukova, Renata D."]
[Result "1-0"]
[WhiteElo "1807"]
[BlackElo "1600"]
[WhiteFideId "4184971"]
[BlackFideId "4106067"]
[EventDate "2011.01.29"]

1. d4 c6 2. c4 Qa5+ 3. Nc3 g5 4. a3 g4 5. e4 d6 6. Be2 h5 7. b4 Qc7 8. h3 Bg7 9.
hxg4 hxg4 10. Rxh8 Bxh8 11. Bxg4 Bxg4 12. Qxg4 Nf6 13. Qh3 Bg7 14. Nge2 Nbd7 15.
Qg3 Bh8 16. Be3 O-O-O 17. Rc1 Rg8 18. Qh3 Kb8 19. f3 Nb6 20. Nb1 Qd7 21. Qxd7
Nbxd7 22. Kf2 e5 23. d5 c5 24. g4 b6 25. Ng3 Nf8 26. Nf5 Kc7 27. Ne7 Nxg4+ 28.
fxg4 Rxg4 29. Kf3 Rh4 30. Rg1 Bf6 31. Nf5 Rh3+ 32. Kg2 Rh8 33. Nc3 a6 34. Rh1
Rxh1 35. Kxh1 Ng6 36. bxc5 bxc5 37. Kg2 Kd7 38. Kf3 Bd8 39. Kg4 Ke8 40. Nxd6+
Kd7 41. Nxf7 1-0

[Event "Moscow Open F Women"]
[Site "Moscow RUS"]
[Date "2011.02.02"]
[Round "5.60"]
[White "Loginova, Tatiana"]
[Black "Cherniavskaya, Klara"]
[Result "1-0"]
[WhiteElo "1599"]
[BlackElo "1645"]
[WhiteFideId "24174700"]
[BlackFideId "4194462"]
[EventDate "2011.01.29"]

1. e4 c5 2. Nf3 d6 3. d4 cxd4 4. Nxd4 g6 5. Be3 Nf6 6. Nc3 Bg7 7. f3 Bd7 8. Bc4
O-O 9. Qd2 Nc6 10. O-O-O Nxd4 11. Bxd4 a6 12. h4 b5 13. Bb3 a5 14. Bxf6 Bxf6 15.
h5 b4 16. Ne2 Rb8 17. hxg6 hxg6 18. Qh6 Re8 19. Qxg6+ 1-0

[Event "Moscow Open F Women"]
[Site "Moscow RUS"]
[Date "2011.02.03"]
[Round "6.1"]
[White "Charochkina, Daria"]
[Black "Savina, Anastasia"]
[Result "1-0"]
[WhiteTitle "WIM"]
[BlackTitle "WGM"]
[WhiteElo "2314"]
[BlackElo "2397"]
[WhiteFideId "4180917"]
[BlackFideId "4196872"]
[EventDate "2011.01.29"]

1. d4 Nf6 2. c4 g6 3. Nc3 Bg7 4. e4 d6 5. f4 c5 6. d5 O-O 7. Nf3 e6 8. Be2 exd5
9. cxd5 Bg4 10. O-O Nbd7 11. h3 Bxf3 12. Bxf3 Re8 13. g4 Nb6 14. a4 Nfd7 15. Kg2
Nc4 16. Qc2 a6 17. g5 Qa5 18. Bg4 Rad8 19. Rb1 Bd4 20. Rf3 b5 21. b3 Ncb6 22.
axb5 axb5 23. Bb2 c4 24. Ra1 Qb4 25. Na2 cxb3 26. Nxb4 bxc2 27. Bxd4 Rxe4 28.
Nxc2 Rc8 29. Bxb6 Rxc2+ 30. Rf2 Rxf2+ 31. Bxf2 f5 32. gxf6 Nxf6 33. Be6+ Kg7 34.
Bh4 Rxf4 35. Bg5 Ra4 36. Rf1 Ra2+ 37. Kg1 1-0

[Event "Moscow Open F Women"]
[Site "Moscow RUS"]
[Date "2011.02.03"]
[Round "6.3"]
[White "Ghader Pour, Shayesteh"]
[Black "Turova, Irina"]
[Result "1/2-1/2"]
[WhiteTitle "WIM"]
[BlackTitle "IM"]
[WhiteElo "2212"]
[BlackElo "2434"]
[WhiteFideId "12500747"]
[BlackFideId "4120876"]
[EventDate "2011.01.29"]

1. e4 e5 2. Nf3 Nc6 3. Bb5 f5 4. Nc3 fxe4 5. Nxe4 Nf6 6. Qe2 d5 7. Nxf6+ gxf6 8.
d4 Bg7 9. dxe5 O-O 10. Bxc6 bxc6 11. e6 Re8 12. O-O c5 13. Rd1 Bxe6 14. Bf4 Qe7
15. b3 Qf7 16. Qd3 c6 17. Re1 Bf8 18. Nh4 Qh5 19. Qg3+ Qg4 20. Qxg4+ Bxg4 21. h3
Bd7 22. Kf1 Kf7 23. Rxe8 Rxe8 24. Re1 Be6 25. Nf3 Rd8 26. Rd1 Be7 27. Ke2 Bf5
28. Ne1 Rd7 29. g4 Be6 30. f3 d4 31. c4 a5 32. Nd3 a4 33. Kd2 Ra7 1/2-1/2